Concelhos de Lisboa no mapa - Statistics

Estatísticas Gerais
  • Esse quiz foi jogado 187 vezes
    185 desde o último reset
  • A pontuação média é 11 de 16
Respostas no mapa
Respostas codificadas por cores de uma escala verde-vermelha no mapa do quiz de acordo com a % correta abaixo.
 
Estatísticas das Respostas
Resposta % Correto
Cascais
92%
Oeiras
89%
Sintra
88%
Lisboa
85%
Vila Franca de Xira
78%
Amadora
77%
Odivelas
76%
Loures
74%
Mafra
74%
Lourinhã
66%
Cadaval
61%
Alenquer
58%
Arruda dos Vinhos
58%
Azambuja
57%
Torres Vedras
55%
Sobral de Monte Agraço
50%
Nenhum quiz correspondente encontrado
Distribuição das Pontuações
Porcentagem de Pessoas com Cada Pontuação
Percentil de Números Respondidos
Sua Pontuação Histórica
Você não jogou esse quiz desde o último reset